North America Capitals to Country - Map Click Quiz - Statistics

General Stats
  • This quiz has been taken 99 times
  • The average score is 15 of 23
Answers on the Map
Answers color-coded by a green-red scale on the quiz's map according to % correct below.
 
Answer Stats
Answer % Correct
Mexico City
93%
Ottawa
87%
Washington D.C.
87%
Havana
80%
Managua
80%
Panama City
78%
Santo Domingo
78%
Guatemala City
73%
San Salvador
73%
Kingston
69%
Nassau
69%
San Jose
69%
Port-au-Prince
67%
Belmopan
62%
Tegucigalpa
62%
Port-of-Spain
58%
Bridgetown
49%
Castries
44%
Saint John's
44%
Roseau
42%
Saint George's
40%
Basseterre
27%
Kingstown
22%
No matching quizzes found
Score Distribution
Percent of People with Each Score
Percentile by Number Answered
Your Score History
You have not taken this quiz